Tres pintores.
Guardado en:
| Formato: | |
|---|---|
| Materias: | |
| Etiquetas: |
Agregar Etiqueta
Sin Etiquetas, Sea el primero en etiquetar este registro!
|
| LEADER | 00991ngm a22002655g 4500 | ||
|---|---|---|---|
| 001 | CEM.cems022377 | ||
| 008 | 130507b1998##################0###0#####d | ||
| 005 | 20241031143249.0 | ||
| 245 | 0 | 0 | |a Tres pintores. |
| 300 | |a 24'. | ||
| 500 | |a En soporte VHS, consultar en ventanilla. | ||
| 505 | 0 | |a Pintura racional: Pettorutti y lo abstracto, camino a la pintura no figurativa. Xul Solar: pintura abstracta con elementos figurativos. Pintura geométrica. Antonio Berni: profundización de lo humano y defensa de los humildes. | |
| 538 | |a Soporte: VHS - Norma: Pal N - Color: Si - Grabación DRD 1998 - Hitachi=0000 | ||
| 082 | 7 | 5 | |/ DNI |
| 653 | |a ARTE | ||
| 653 | |a PINTURA | ||
| 653 | |a PINTURA ARGENTINA | ||
| 653 | |a ARTE ABSTRACTO | ||
| 653 | |a HISTORIA DEL ARTE | ||
| 653 | |a BERNI, ANTONIO | ||
| 653 | |a PETTORUTI, EMILIO | ||
| 653 | |a XUL SOLAR | ||
| 653 | |a NIVEL PRIMARIO | ||
| 653 | |a NIVEL SECUNDARIO | ||
| 859 | |a CEMS |b BIB. CEMS - Depto. Recursos Didacticos |h 751 |i DNI |k DRD |p 1020.12 |t Ej.1 | ||
